Attitudes to punishment: findings from the British Crime Survey
| VerfasserInnen: | ; |
|---|---|
| Medienart: | Druck Buch |
| Sprache: | Englisch |
| Veröffentlicht: |
London
Home Office
1998
|
| In: |
Home Office research study (179)
Jahr: 1998 |
| Ausgabe: | 1. publ. |
| Online-Zugang: |
Inhaltsverzeichnis |
| Bestand in Tübingen: | In Tübingen vorhanden. IFK: S 42 179 UB: KB 8 E 7168 |
| Verfügbarkeit prüfen: | HBZ Gateway |
| Subito Bestelldienst: | Jetzt bestellen. |
MARC
| LEADER | 00000cam a2200000 c 4500 | ||
|---|---|---|---|
| 001 | 271955023 | ||
| 003 | DE-627 | ||
| 005 | 20251129030539.0 | ||
| 007 | tu | ||
| 008 | 980119s1998 xx ||||| 00| ||eng c | ||
| 020 | |a 1840820179 |9 1-84082-017-9 | ||
| 035 | |a (DE-627)271955023 | ||
| 035 | |a (DE-576)063560852 | ||
| 035 | |a (DE-599)GBV271955023 | ||
| 035 | |a (OCoLC)246260758 | ||
| 035 | |a (OCoLC)38224782 | ||
| 040 | |a DE-627 |b ger |c DE-627 |e rakwb | ||
| 041 | |a eng | ||
| 084 | |a PH 8000 |2 rvk |0 (DE-625)rvk/136482: | ||
| 100 | 1 | |8 1\p |a Hough, Michael |d 1944- |0 (DE-588)172144485 |0 (DE-627)697059324 |0 (DE-576)164810064 |4 aut | |
| 109 | |a Hough, Michael 1944- |a Hough, Mike 1944- |a Hough, M. 1944- | ||
| 245 | 1 | 0 | |a Attitudes to punishment |b findings from the British Crime Survey |c by Michael Hough; Julian Roberts |
| 250 | |a 1. publ. | ||
| 264 | 1 | |a London |b Home Office |c 1998 | |
| 300 | |a X, 69 S. |b graph. Darst. | ||
| 336 | |a Text |b txt |2 rdacontent | ||
| 337 | |a ohne Hilfsmittel zu benutzen |b n |2 rdamedia | ||
| 338 | |a Band |b nc |2 rdacarrier | ||
| 490 | 1 | |a Home Office research study |v 179 | |
| 490 | 0 | |a A Research and Statistics Directorate report | |
| 583 | 1 | |a Archivierung prüfen |c 20200919 |f DE-640 |z 3 |2 pdager | |
| 700 | 1 | |a Roberts, Julian V. |0 (DE-588)1045120685 |0 (DE-627)773823573 |0 (DE-576)166638102 |4 aut | |
| 810 | 2 | |a Großbritannien |b Home Office |t Home Office research study |v 179 |9 17900 |w (DE-627)167286013 |w (DE-576)013085530 |w (DE-600)441298-9 |x 0072-6435 |7 am | |
| 856 | 4 | 2 | |u http://www.gbv.de/dms/spk/sbb/toc/271955023.pdf |m V:DE-601 |m B:DE-1 |q pdf/application |x Verlag |y Inhaltsverzeichnis |3 Inhaltsverzeichnis |7 1 |
| 883 | |8 1\p |a cgwrk |d 20241001 |q DE-101 |u https://d-nb.info/provenance/plan#cgwrk | ||
| 935 | |i Blocktest | ||
| 936 | r | v | |a PH 8000 |b Schriftenreihen, Serien, Kongressberichte, Sammelwerke |k Rechtswissenschaft |k Strafrecht, Strafverfahrensrecht, Kriminologie |k Kriminologie |k Allgemeines |k Schriftenreihen, Serien, Kongressberichte, Sammelwerke |0 (DE-627)127212715X |0 (DE-625)rvk/136482: |0 (DE-576)20212715X |
| 951 | |a BO | ||
| ELC | |b 1 | ||
| LOK | |0 000 xxxxxcx a22 zn 4500 | ||
| LOK | |0 001 3226798987 | ||
| LOK | |0 003 DE-627 | ||
| LOK | |0 004 271955023 | ||
| LOK | |0 005 20000215000000 | ||
| LOK | |0 008 980218||||||||||||||||ger||||||| | ||
| LOK | |0 040 |a DE-21 |c DE-627 |d DE-21 | ||
| LOK | |0 852 |a DE-21 | ||
| LOK | |0 852 1 |c KB 8 E 7168 |9 00 | ||
| LOK | |0 935 |a krim | ||
| LOK | |0 936ln |a k5.1 | ||
| LOK | |0 939 |a 18-02-98 |b l01 | ||
| LOK | |0 000 xxxxxcx a22 zn 4500 | ||
| LOK | |0 001 3226799088 | ||
| LOK | |0 003 DE-627 | ||
| LOK | |0 004 271955023 | ||
| LOK | |0 005 19980729000000 | ||
| LOK | |0 008 980729||||||||||||||||ger||||||| | ||
| LOK | |0 040 |a DE-21-110 |c DE-627 |d DE-21-110 | ||
| LOK | |0 852 |a DE-21-110 | ||
| LOK | |0 852 1 |c S 42 179 |m p |9 00 | ||
| LOK | |0 935 |a k110 | ||
| LOK | |0 938 |k p | ||
| LOK | |0 939 |a 29-07-98 |b l01 | ||
| ORI | |a SA-MARC-krimdoka001.raw | ||
| SIG | |a IFK: S 42 179 | ||
| SIG | |a UB: KB 8 E 7168 | ||
